000 01010nam1a22002411 4500
001 rc\3536895
005 20130115144202.5
035 _a(NLR Aleph) 007631670
090 _a6030180
_c6030180
100 _a20130115d1969 |||y0rusy50 ca
101 0 _arus
102 _aRU
105 _ay z |||||
200 1 _aВопросы теории криминалистики и судебной экспертизы
_eМатериалы науч. конференции, дек. 1969
_f[Ред. коллегия: Н.С. Полевой (отв. ред.) [и др.] Вып. 2-
_gЮрид. комис. при Совете Министров РСФСР. Центр. науч.-исслед. ин-т судебных экспертиз
210 _aМосква
_cБ. и.
_d1969
215 _d20
333 _aДля служебного пользования
702 1 _aПолевой
_bН. С.
_4340
801 0 _aRU
_bNLR
_gpsbo
801 1 _aRU
_bELAR
_2rusmarc
852 _aNLR
_j50к/22934
942 _cBOOK
980 _aNB